Las Relaciones agrarias en Cuba. Seminario sobre el 35° Aniversario de la Publicación de "Los Fundamentos del Socialismo en Cuba" /
El documento presenta una ponencia presentada en el Seminario sobre el 35° Aniversario de la Publicación de "Los Fundamentos del Socialismo en Cuba", los días del 20 al 22 de noviembre de 1978. En el que se presenta un análisis de las relaciones agrarias en Cuba.
Guardat en:
| Autor principal: | |
|---|---|
| Autor corporatiu: | |
| Format: | Actes de congresos |
| Idioma: | Spanish |
| Publicat: |
La Habana :
Centro de Estudios sobre América
1978
|
| Matèries: | |
| Etiquetes: |
Afegir etiqueta
Sense etiquetes, Sigues el primer a etiquetar aquest registre!
|
MARC
| LEADER | 00000 a a2200000 04500 | ||
|---|---|---|---|
| 001 | 15760 | ||
| 003 | cru CIDCACS/IIS | ||
| 005 | 20230612100703.0 | ||
| 008 | 230612e1978 cu ||||| |||| 00| 0 spa d | ||
| 020 | |a [sin ISBN] | ||
| 040 | |c CRAI/IIS | ||
| 090 | |a 03.03.01 S471r | ||
| 100 | |a Martell, Raúl | ||
| 111 | |a Seminario sobre el 35° Aniversario de la Publicación de "Los Fundamentos del Socialismo en Cuba" | ||
| 245 | |a Las Relaciones agrarias en Cuba. |b Seminario sobre el 35° Aniversario de la Publicación de "Los Fundamentos del Socialismo en Cuba" / |c Raúl Martell | ||
| 260 | |a La Habana : |b Centro de Estudios sobre América |c 1978 | ||
| 300 | |a 34 páginas | ||
| 520 | |a El documento presenta una ponencia presentada en el Seminario sobre el 35° Aniversario de la Publicación de "Los Fundamentos del Socialismo en Cuba", los días del 20 al 22 de noviembre de 1978. En el que se presenta un análisis de las relaciones agrarias en Cuba. | ||
| 650 | 0 | |9 8590 |a RELACIONES DE INTERCAMBIO | |
| 650 | 0 | |9 2023 |a POLITICA AGRARIA | |
| 650 | 0 | |9 2502 |a COLONIZACIÓN RURAL | |
| 651 | 4 | |9 1846 |a CUBA | |
| 942 | |2 ddc |c LITG |h 03.03.01 S471r |i 13848 |6 030301_S471R_13848 | ||
| 999 | |c 4705 |d 4705 | ||
